000 00473nmm a2200169Ia 4500
008 251105s9999||||xx |||||||||||||||||und||
020 _a9788418435607
041 _aspa
100 _aGómez, Alberto
245 0 _aTú eres el veneno
264 _a[Madrid, España] :
_bLantia,
_c[Fecha de publicación no identificada]
300 _a0 páginas
490 _aTalento
650 _aLiterature
856 _uhttps://public.digitaliapublishing.com/a/121146
942 _cCF
999 _c79803
_d79803